000
00302nam a22001217a 4500
008
160428b xxu||||| |||| 00| 0 eng d
020
_a
9781416001683
020
_a
1416001689
041
_a
eng
080
_a
618.2
245
_a
Leadership and nursing care management:
_c
Diane L. Huber;
942
_2
udc
_c
BK
999
_c
1648
_d
1648